ბათუმის შოთა რუსთაველის სახელმწიფო უნივერსიტეტის ბიბლიოთეკა

Language Teaching Methods by Diane Larsen-Freeman : (ბიბ.ჩანაწერი № 36195)

000 -LEADER
fixed length control field 00568nam a2200193Ia 4500
001 - CONTROL NUMBER
control field 2098
003 - CONTROL NUMBER IDENTIFIER
control field GE_BSU
005 - DATE AND TIME OF LATEST TRANSACTION
control field 20221024144127.0
008 - FIXED-LENGTH DATA ELEMENTS--GENERAL INFORMATION
fixed length control field 181216s1990en xx |||||||||||||| ||eng||
040 ## - CATALOGING SOURCE
Transcribing agency GE_BSU
041 ## - LANGUAGE CODE
Language code of text/sound track or separate title eng
080 ## - UNIVERSAL DECIMAL CLASSIFICATION NUMBER
Universal Decimal Classification number 811.111 L-24
245 ## - TITLE STATEMENT
Title Language Teaching Methods by Diane Larsen-Freeman :
Remainder of title Teacher's handbook for the video series
264 ## - PRODUCTION, PUBLICATION, DISTRIBUTION, MANUFACTURE, AND COPYRIGHT NOTICE
Place of production, publication, distribution, manufacture Washington,
Date of production, publication, distribution, manufacture, or copyright notice 1990.
300 ## - PHYSICAL DESCRIPTION
Extent 60 c.:
Other physical details 28 cm.
653 ## - INDEX TERM--UNCONTROLLED
keyword Language Teaching Methods by Diane Larsen-Freeman
653 ## - INDEX TERM--UNCONTROLLED
keyword ინგლისური ენა
942 ## - ADDED ENTRY ELEMENTS (KOHA)
Koha item type წიგნი
Source of classification or shelving scheme
ეგზემპლარები
Withdrawn status Lost status Source of classification or shelving scheme Damaged status Not for loan Permanent Location Current Location Shelving location Date acquired Cost, normal purchase price Full call number Barcode Date last seen Copy number Price effective from Koha item type Public note
          ბათუმის შოთა რუსთაველის სახელმწიფო უნივერსიტეტის მთავარი ბიბლიოთეკა ბათუმის შოთა რუსთაველის სახელმწიფო უნივერსიტეტის მთავარი ბიბლიოთეკა წიგნსაცავი 2018-12-17 8.00 811.111 L-24 4371 2018-12-17 4371 2018-12-17 წიგნი 8 ლ.